Value system and social process (Record no. 417185)

000 -LEADER
fixed length control field 00359cam a22001337a 4500
008 - FIXED-LENGTH DATA ELEMENTS--GENERAL INFORMATION
fixed length control field 180718b1968 xxu||||| |||| 00| 0 eng d
020 ## - INTERNATIONAL STANDARD BOOK NUMBER
International Standard Book Number 422 71950 1
082 ## - DEWEY DECIMAL CLASSIFICATION NUMBER
Classification number B11 V663
100 ## - MAIN ENTRY--PERSONAL NAME
Personal name Vickers, Geoffrey
245 ## - TITLE STATEMENT
Title Value system and social process
Statement of responsibility, etc. by Geoffrey Vickers
260 ## - PUBLICATION, DISTRIBUTION, ETC.
Place of publication, distribution, etc. London
Name of publisher, distributor, etc. Tavistock
Date of publication, distribution, etc. 1968
300 ## - PHYSICAL DESCRIPTION
Extent 217p
650 ## - SUBJECT ADDED ENTRY--TOPICAL TERM
Topical term or geographic name entry element Social sciences.
Holdings
Withdrawn status Lost status Damaged status Not for loan Permanent Location Current Location Date acquired Full call number Barcode Date last seen Price effective from Koha item type
        Indian Institute of Public Administration Indian Institute of Public Administration 2009-03-23 B11 V663 42825 2018-07-21 2018-07-21 Book

Powered by Koha